000 00536nam a2200205 4500
001 121335
003 ES-MaACL
005 20250822063159.0
007 t|
008 070214s1946 sp r ||||1| cat d
100 1 _aPla, Josep,
_d1897-1981
_9164614
245 1 0 _aViatge a Catalunya /
_cJosep Pla.
250 _a2ª ed.
260 _aBarcelona :
_bAncora,
_c1946.
300 _a243 p. ;
_c20 cm.
490 1 _aEl Dofí
830 0 _aEl Dofí
_9186502
852 _aES-MaACL
_jC-4137
_bR.23116
999 _c121335
_d121335